<?xml version='1.0' encoding='UTF-8'?>
  <record xmlns="http://www.loc.gov/MARC21/slim">
    <leader>00000cam a22000001  4500</leader>
    <controlfield tag="001">ocm06685956</controlfield>
    <controlfield tag="003">OCoLC</controlfield>
    <controlfield tag="005">20240127100239.6</controlfield>
    <controlfield tag="008">800905s1808    enka          000 0beng  </controlfield>
    <datafield tag="010" ind1=" " ind2=" ">
      <subfield code="a">   67037631 </subfield>
    </datafield>
    <datafield tag="040" ind1=" " ind2=" ">
      <subfield code="a">DLC</subfield>
      <subfield code="b">eng</subfield>
      <subfield code="c">DLC</subfield>
      <subfield code="d">MIGCL</subfield>
      <subfield code="d">OCLCF</subfield>
      <subfield code="d">QGJ</subfield>
      <subfield code="d">UKV3G</subfield>
      <subfield code="d">NJR</subfield>
      <subfield code="d">SUC</subfield>
      <subfield code="d">OCLCQ</subfield>
      <subfield code="d">OCLCO</subfield>
      <subfield code="d">OCLCL</subfield>
    </datafield>
    <datafield tag="019" ind1=" " ind2=" ">
      <subfield code="a">59523374</subfield>
      <subfield code="a">977911968</subfield>
    </datafield>
    <datafield tag="029" ind1="1" ind2=" ">
      <subfield code="a">AU@</subfield>
      <subfield code="b">000027846711</subfield>
    </datafield>
    <datafield tag="029" ind1="1" ind2=" ">
      <subfield code="a">NZ1</subfield>
      <subfield code="b">15585498</subfield>
    </datafield>
    <datafield tag="035" ind1=" " ind2=" ">
      <subfield code="a">(OCoLC)6685956</subfield>
      <subfield code="z">(OCoLC)59523374</subfield>
      <subfield code="z">(OCoLC)977911968</subfield>
    </datafield>
    <datafield tag="042" ind1=" " ind2=" ">
      <subfield code="a">premarc</subfield>
    </datafield>
    <datafield tag="050" ind1="0" ind2="0">
      <subfield code="a">QC353</subfield>
      <subfield code="b">.K3 1808</subfield>
    </datafield>
    <datafield tag="100" ind1="1" ind2=" ">
      <subfield code="a">Kelly, John,</subfield>
      <subfield code="d">1750-1809.</subfield>
    </datafield>
    <datafield tag="245" ind1="1" ind2="4">
      <subfield code="a">The life of John Dollond, F.R.S., inventor of the achromatic telescope,</subfield>
      <subfield code="b">with a copious appendix of all the papers referred to.</subfield>
    </datafield>
    <datafield tag="250" ind1=" " ind2=" ">
      <subfield code="a">3d ed.,</subfield>
      <subfield code="b">with additions.</subfield>
    </datafield>
    <datafield tag="260" ind1=" " ind2=" ">
      <subfield code="a">London,</subfield>
      <subfield code="b">Printed by W.M. Thiselton,</subfield>
      <subfield code="c">1808.</subfield>
    </datafield>
    <datafield tag="300" ind1=" " ind2=" ">
      <subfield code="a">123 pages</subfield>
      <subfield code="b">illustrations</subfield>
      <subfield code="c">27 cm</subfield>
    </datafield>
    <datafield tag="336" ind1=" " ind2=" ">
      <subfield code="a">text</subfield>
      <subfield code="b">txt</subfield>
      <subfield code="2">rdacontent</subfield>
    </datafield>
    <datafield tag="337" ind1=" " ind2=" ">
      <subfield code="a">unmediated</subfield>
      <subfield code="b">n</subfield>
      <subfield code="2">rdamedia</subfield>
    </datafield>
    <datafield tag="338" ind1=" " ind2=" ">
      <subfield code="a">volume</subfield>
      <subfield code="b">nc</subfield>
      <subfield code="2">rdacarrier</subfield>
    </datafield>
    <datafield tag="600" ind1="1" ind2="0">
      <subfield code="a">Dollond, John,</subfield>
      <subfield code="d">1706-1761.</subfield>
    </datafield>
    <datafield tag="650" ind1=" " ind2="0">
      <subfield code="a">Optics</subfield>
      <subfield code="v">Early works to 1800.</subfield>
    </datafield>
    <datafield tag="650" ind1=" " ind2="6">
      <subfield code="a">Optique</subfield>
      <subfield code="v">Ouvrages avant 1800.</subfield>
    </datafield>
    <datafield tag="600" ind1="1" ind2="7">
      <subfield code="a">Dollond, John,</subfield>
      <subfield code="d">1706-1761.</subfield>
      <subfield code="2">fast</subfield>
      <subfield code="0">(OCoLC)fst01913125</subfield>
      <subfield code="1">https://id.oclc.org/worldcat/entity/E39PBJbtkQvGmMwj4wYTjYkCcP</subfield>
    </datafield>
    <datafield tag="650" ind1=" " ind2="7">
      <subfield code="a">Optics.</subfield>
      <subfield code="2">fast</subfield>
      <subfield code="0">(OCoLC)fst01046845</subfield>
    </datafield>
    <datafield tag="655" ind1=" " ind2="7">
      <subfield code="a">Early works.</subfield>
      <subfield code="2">fast</subfield>
      <subfield code="0">(OCoLC)fst01411636</subfield>
    </datafield>
    <datafield tag="758" ind1=" " ind2=" ">
      <subfield code="i">has work:</subfield>
      <subfield code="a">The life of John Dollond, F.R.S., inventor of the achromatic telescope (Text)</subfield>
      <subfield code="1">https://id.oclc.org/worldcat/entity/E39PCFtkvrbDR4JWgHCddCFYKb</subfield>
      <subfield code="4">https://id.oclc.org/worldcat/ontology/hasWork</subfield>
    </datafield>
    <datafield tag="776" ind1="0" ind2="8">
      <subfield code="i">Online version:</subfield>
      <subfield code="a">Kelly, John, 1750-1809.</subfield>
      <subfield code="t">Life of John Dollond, F.R.S., inventor of the achromatic telescope.</subfield>
      <subfield code="b">3d ed.</subfield>
      <subfield code="d">London : Printed by W.M. Thiselton, 1808</subfield>
      <subfield code="w">(OCoLC)1027792816</subfield>
    </datafield>
    <datafield tag="856" ind1="4" ind2="1">
      <subfield code="3">Gale Cengage Learning, Nineteenth Century Collections Online</subfield>
      <subfield code="u">http://ncco.galegroup.com/gdc/ncco/MonographsDetailsPage/MonographsDetailsWindow?disableHighlighting=false&amp;prodId=NCCO&amp;action=1&amp;activityType=BasicSearch&amp;javax.portlet.action=viewPortletAction&amp;documentId=GALE%7CBKMJWZ786463101&amp;dviSelectedPage=1&amp;userGroupName=</subfield>
    </datafield>
  </record>